000 01028nam a2200289Ia 4500
008 220204s9999 xx 000 0 und d
082 _aNR:063RT1993
_bRRM;1
245 0 _aNatural rubber : Current developments in product manufacture and applications : A report of the proceedings of the International Rubber Technology conference 1993 held in Kuala Lumpur,Malaysia from 14 to 16 June 1993 organised by the Rubber Research Institute of Malaysia
260 _aKuala Lumpur
_bRRIM
_c1993
505 _aset price
650 _aAbrasion tests
650 _aDeprotenised N R latex
650 _aEarthquake protection
650 _aEpoxidised N R
650 _aIngection moulding
650 _aLiquid N R
650 _aN R latex products
650 _aN R processing
650 _aNitrosamines
650 _aPretein allergy
650 _aRubber engineering
650 _aRubber serum
650 _aThermoplastic elastomer natural rubber
650 _aTyre
700 _aKadir, Abdul Aziz bin S A
942 _cBK
999 _c40860
_d40860